Viagens na Nossa Terra (Registo nº 742)

Detalhes MARC
000 -Etiqueta do registo
Cabeçalho 00712nam0a22003011 4500
005 - Identificador da versão
Campo de controlo 20240813121812.0
010 ## - Número internacional normalizado dos livros (ISBN)
Número (ISBN) 9726091918
021 ## - Número do Depósito Legal
Código do país PT
Número 109 268/97
035 ## - Other System Control Numbers
System Control Number 0000812
System Control Number 0000807
System Control Number 0000800
System Control Number 0000788
100 ## - Dados gerais de processamento
Dados gerais de processamento 20071203d1997 a e0pory5003 ba
102 ## - Pais de publicação ou produção
País de publicação Portugal
101 0# - Língua de publicação
Língua do texto, banda sonora, etc. Português
Língua do documento no original Português
106 ## - Campo de dados codificados: material textual
Dados codificados do material textual r
105 ## - Campo de dados codificados: livros
Dados codificados dos livros a z 001yy
215 ## - Descrição física 
Indicação específica da natureza do documento e extensão da espécie 389p.
Outras indicações físicas il.
Dimensões cm
200 1# - Titulo e menção de responsabilidade
Título próprio Viagens na Nossa Terra
Primeira menção de responsabilidade António Nabais
Outras menções de responsabilidade Rui Mantero
205 ## - Menção da edição
Menção da edição 1ª ed
210 ## - Publicação, Distribuição, etc. 
Lugar da edição, distribuição, etc. Lisboa
Nome do editor, distribuidor, etc. Selecções do Reader's Digest
Data da publicação, distribuição, etc. 1997
702 #1 - Nome de autor-pessoa física (responsabilidade secundária)
Número de registo de entrada de autoridade 0001027
Código de função Artista / Pintor / Cartunista
701 #1 - Nome de autor-pessoa física (co-responsabilidade principal)
Código de função Colaborador
942 ## - Elementos de entrada adicionados (Koha)
Tipo de item no Koha Livro
Exemplares
Situação do levantamento Origin of item (home branch) (coded) Biblioteca de empréstimo Código de barras Cota Circulation type (not for loan) Tipo de documento Nota do exemplar Damaged status
  Biblioteca Escolar Eng. Nuno Mergulhão Biblioteca Escolar Eng. Nuno Mergulhão BENM1271 8PT NAB   Livro Sem mensagem